[Event "GER-ch Net blitz qual1"]
[Site "Playchess.com INT"]
[Date "2021.04.24"]
[Round "3"]
[White "Buhren, Alexander"]
[Black "Halt, David"]
[Result "0-1"]
[WhiteElo "1608"]
[BlackElo "1914"]
[PlyCount "62"]
[EventDate "2021.04.24"]
[EventType "swiss (blitz)"]
[EventRounds "11"]
[EventCountry "GER"]
[SourceTitle "CBM 202 Extra"]
[Source "ChessBase"]
[SourceDate "2021.07.31"]
[SourceVersion "1"]
[SourceVersionDate "2021.07.31"]
[SourceQuality "1"]

1. d4 f5 2. c4 Nf6 3. Nc3 g6 4. g3 d6 5. Bg2 Bg7 6. e3 c6 7. Nge2 0-0 8. 0-0 e5 9. b3 g5 10. Bb2 e4 11. d5 c5 12. a3 Nbd7 13. b4 b6 14. b5 Ne5 15. Qb3 Qd7 16. a4 Nf3+ 17. Kh1 Ng4 18. h3 Nge5 19. Ng1 Nd2 20. Qa2 Nxf1 21. Rxf1 h5 22. a5 Rb8 23. axb6 axb6 24. Ra1 Nd3 25. Rf1 h4 26. Qb3 Be5 27. Kh2 Qh7 28. Qc2 hxg3+ 29. fxg3 Qh4 30. Qd2 Qxg3+ 31. Kh1 Qh2# 0-1

[Event "GER-ch Net blitz qual1"]
[Site "Playchess.com INT"]
[Date "2021.04.24"]
[Round "2"]
[White "Buhren, Alexander"]
[Black "Rieling, Thomas"]
[Result "0-1"]
[WhiteElo "1608"]
[BlackElo "1728"]
[PlyCount "22"]
[EventDate "2021.04.24"]
[EventType "swiss (blitz)"]
[EventRounds "11"]
[EventCountry "GER"]
[SourceTitle "CBM 202 Extra"]
[Source "ChessBase"]
[SourceDate "2021.07.31"]
[SourceVersion "1"]
[SourceVersionDate "2021.07.31"]
[SourceQuality "1"]

1. e4 e5 2. Nf3 Nc6 3. d4 exd4 4. Nxd4 Nf6 5. Nc3 Bb4 6. Bd3 Nxd4 7. Bd2 0-0 8. 0-0 d6 9. a3 Bc5 10. Na4 Ne6 11. Bg5 Nxg5 0-1

[Event "GER-ch Net blitz qual1"]
[Site "Playchess.com INT"]
[Date "2021.04.24"]
[Round "7"]
[White "Hoferichter, Michael"]
[Black "Buhren, Alexander"]
[Result "0-1"]
[WhiteElo "1299"]
[BlackElo "1608"]
[PlyCount "48"]
[EventDate "2021.04.24"]
[EventType "swiss (blitz)"]
[EventRounds "11"]
[EventCountry "GER"]
[SourceTitle "CBM 202 Extra"]
[Source "ChessBase"]
[SourceDate "2021.07.31"]
[SourceVersion "1"]
[SourceVersionDate "2021.07.31"]
[SourceQuality "1"]

1. e4 e6 2. Nf3 d5 3. exd5 exd5 4. d4 Nf6 5. c4 Bd6 6. Nc3 c6 7. Bd3 0-0 8. cxd5 Nxd5 9. 0-0 Be6 10. Re1 Nd7 11. Nxd5 Bxd5 12. Be4 Nf6 13. Bxd5 Nxd5 14. Bd2 Qc7 15. Rc1 Rfe8 16. Be3 Re7 17. Rc2 Rae8 18. Rce2 h6 19. Qd2 Nf6 20. h3 Ne4 21. Qc1 Nf6 22. Qd2 Nh5 23. Bxh6 Rxe2 24. Qg5 Rxe1+ 0-1

[Event "Dortmund Sparkassen op-B"]
[Site "Dortmund"]
[Date "2014.07.12"]
[Round "1"]
[White "Buhren, Alexander"]
[Black "Gelashvili, Vakhtang"]
[Result "0-1"]
[WhiteElo "1662"]
[BlackElo "1854"]
[PlyCount "181"]
[EventDate "2014.07.12"]
[EventType "swiss"]
[EventRounds "9"]
[EventCountry "GER"]
[SourceTitle "EXT 2022"]
[Source "ChessBase"]
[SourceDate "2021.10.06"]
[SourceVersion "1"]
[SourceVersionDate "2021.10.06"]
[SourceQuality "1"]

1. d4 Nf6 2. Nf3 e6 3. Bf4 Nc6 4. c3 Be7 5. e3 d5 6. Bd3 h6 7. Nbd2 Bd6 8. Bg3 a6 9. e4 dxe4 10. Nxe4 Nxe4 11. Bxe4 Bd7 12. Qc2 Rb8 13. 0-0 0-0 14. Bxd6 cxd6 15. d5 exd5 16. Bxd5 Qc7 17. Rfe1 Nb4 18. Qb3 Nxd5 19. Qxd5 Bc6 20. Qd3 Bxf3 21. Qxf3 Qc6 22. Qd3 Rfe8 23. h3 Re5 24. Rad1 Rbe8 25. Rxe5 dxe5 26. Qd7 Qxd7 27. Rxd7 b5 28. Rd6 Ra8 29. Kf1 Kf8 30. Ke2 Ke7 31. Rd1 Ke6 32. Ra1 a5 33. a4 b4 34. cxb4 axb4 35. a5 Kd5 36. a6 Ra7 37. Kd3 e4+ 38. Ke3 f5 39. b3 g6 40. Ra4 Kc5 41. f3 exf3 42. gxf3 Kd5 43. f4 g5 44. fxg5 hxg5 45. Rxb4 Rxa6 46. Rb5+ Ke6 47. Kf3 Rc6 48. b4 Rc3+ 49. Kg2 Kf6 50. Rb8 Ke5 51. b5 Kf4 52. b6 Rc2+ 53. Kf1 Kf3 54. Ke1 Rb2 55. b7 f4 56. Rg8 Rxb7 57. Rxg5 Rb1+ 58. Kd2 Rh1 59. Rh5 Kf2 60. Rh8 Re1 61. h4 f3 62. h5 Re5 63. h6 Rd5+ 64. Kc1 Rh5 65. h7 Rh2 66. Kd1 Rh6 67. Kd2 Rd6+ 68. Kc2 Rd7 69. Kc1 Rf7 70. Kd2 Kf1 71. Kd1 f2 72. Kd2 Rg7 73. Kd1 Rd7+ 74. Kc2 Ra7 75. Kd2 Rg7 76. Kd1 Re7 77. Kd2 Rc7 78. Kd1 Rd7+ 79. Kc2 Re7 80. Kd2 Re2+ 81. Kd1 Re1+ 82. Kd2 Re2+ 83. Kd1 Re7 84. Kd2 Rg7 85. Kd1 Kg2 86. Rf8 Rxh7 87. Rg8+ Kf1 88. Rg3 Rd7+ 89. Kc2 Ke2 90. Rg2 Rc7+ 91. Kb3 0-1

[Event "Rheinhausen-ch op 18th"]
[Site "Rheinhausen"]
[Date "2014.01.24"]
[Round "2"]
[White "Buhren, Alexander"]
[Black "Moseler, Norbert"]
[Result "1-0"]
[WhiteElo "1546"]
[BlackElo "1248"]
[PlyCount "43"]
[EventDate "2014.01.10"]
[EventType "swiss"]
[EventRounds "7"]
[EventCountry "GER"]
[SourceTitle "EXT 2017"]
[Source "ChessBase"]
[SourceDate "2016.10.25"]
[SourceVersion "1"]
[SourceVersionDate "2016.10.25"]
[SourceQuality "1"]

1. d4 d5 2. Nf3 g6 3. Bf4 Bg7 4. e3 e6 5. Bd3 Nc6 6. c3 Nge7 7. Nbd2 0-0 8. Qc2 h6 9. 0-0-0 Kh7 10. h4 f5 11. Rh2 Bf6 12. h5 Rg8 13. hxg6+ Rxg6 14. Rdh1 Ng8 15. Nf1 Qe7 16. Ng3 e5 17. dxe5 Nxe5 18. Nxe5 Bxe5 19. Nxf5 Qf6 20. Bxe5 Qxe5 21. Nxh6 Ne7 22. Nf7+ 1-0

[Event "Dortmund Sparkassen op-B"]
[Site "Dortmund"]
[Date "2010.07.20"]
[Round "4"]
[White "Puetz, Roman"]
[Black "Buhren, Alexander"]
[Result "1/2-1/2"]
[WhiteElo "1235"]
[BlackElo "1379"]
[PlyCount "72"]
[EventDate "2010.07.17"]
[EventType "swiss"]
[EventRounds "9"]
[EventCountry "GER"]
[SourceTitle "EXT 2014"]
[Source "ChessBase"]
[SourceDate "2013.11.20"]
[SourceVersion "1"]
[SourceVersionDate "2013.11.20"]
[SourceQuality "1"]

1. e4 e6 2. d4 d5 3. e5 c5 4. Nf3 Nc6 5. Bb5 Bd7 6. dxc5 Bxc5 7. Ng5 Bxf2+ 8. Kxf2 Qb6+ 9. Be3 Qxb5 10. Qf3 Nh6 11. b3 Nxe5 12. Nc3 Nxf3 13. Nxb5 Bxb5 14. Kxf3 0-0 15. Rhc1 Nf5 16. Bc5 Rfc8 17. b4 a5 18. a3 h6 19. Nh3 Rc6 20. Nf4 b6 21. a4 bxc5 22. axb5 Nd4+ 23. Kg4 Nxb5 24. bxa5 Rca6 25. Rcb1 Nd6 26. Nd3 Rxa5 27. Rxa5 Rxa5 28. Ne5 Ra4+ 29. Kf3 Ra3+ 30. Ke2 Ra4 31. Rb8+ Kh7 32. Nd7 Re4+ 33. Kd1 Rb4 34. Ra8 c4 35. Nf8+ Kg8 36. Nd7+ Kh7 1/2-1/2

[Event "Rheinhausen-ch 14th"]
[Site "Duisburg Rheinhausen"]
[Date "2010.03.26"]
[Round "7"]
[White "Buhren, Alexander"]
[Black "Buhren, Wolfgang"]
[Result "1-0"]
[WhiteElo "1170"]
[BlackElo "1368"]
[PlyCount "65"]
[EventDate "2010.01.08"]
[EventType "swiss"]
[EventRounds "7"]
[EventCountry "GER"]
[SourceTitle "EXT 2018"]
[Source "ChessBase"]
[SourceDate "2017.10.13"]
[SourceVersion "1"]
[SourceVersionDate "2017.10.13"]
[SourceQuality "1"]

1. d4 d5 2. c4 Nf6 3. cxd5 Qxd5 4. Nc3 Qa5 5. Nf3 Bf5 6. e3 e6 7. Bd2 Qb6 8. b3 Be7 9. Bc4 0-0 10. Qe2 c6 11. 0-0 Nbd7 12. Bd3 Bxd3 13. Qxd3 Nd5 14. Nxd5 exd5 15. Rfe1 f5 16. a4 Qc7 17. b4 Nf6 18. Reb1 Ne4 19. b5 Rf6 20. Bb4 Bd6 21. Bxd6 Qxd6 22. Ne5 Rh6 23. f3 Nc5 24. Qxf5 Rf8 25. dxc5 Rxf5 26. cxd6 Rxe5 27. d7 Rd6 28. bxc6 bxc6 29. Rb8+ Kf7 30. d8Q Rxd8 31. Rxd8 Ke7 32. Ra8 Rxe3 33. Rxa7+ 1-0